Currency Denominations - Statistics

General Stats
  • This quiz has been taken 12 times
  • The average score is 58 of 120
Answer Stats
Question Tile Select % Correct
United States Dollar Note Denominations 1 Yes
100%
Great British Pound (Sterling) Note Denominations 10 Yes
100%
Singaporean Dollar Note Denominations 100 Yes
100%
United States Dollar Note Denominations 200 No
100%
Singaporean Dollar Note Denominations 5 Yes
100%
Great British Pound (Sterling) Note Denominations 5 Yes
100%
Singaporean Dollar Note Denominations 50 Yes
100%
United States Dollar Note Denominations 10 Yes
80%
Thai Baht Note Denominations 100 Yes
80%
United States Dollar Note Denominations 100 Yes
80%
Thai Baht Note Denominations 1000 Yes
80%
United States Dollar Note Denominations 2 Yes
80%
Great British Pound (Sterling) Note Denominations 20 Yes
80%
Thai Baht Note Denominations 20 Yes
80%
Great British Pound (Sterling) Note Denominations 200 No
80%
Singaporean Dollar Note Denominations 250 No
80%
United States Dollar Note Denominations 3 No
80%
United States Dollar Note Denominations 5 Yes
80%
Great British Pound (Sterling) Note Denominations 50 Yes
80%
Thai Baht Note Denominations 50 Yes
80%
Thai Baht Note Denominations 500 Yes
80%
Thai Baht Note Denominations 10 No
60%
Australian Dollar Note Denominations 10 Yes
60%
South African Rand Note Denominations 10 Yes
60%
Australian Dollar Note Denominations 100 Yes
60%
South African Rand Note Denominations 100 Yes
60%
Australian Dollar Note Denominations 1000 No
60%
Japanese Yen Note Denominations 1,000 Yes
60%
Indonesian Rupiah Note Denominations 10,000 Yes
60%
Japanese Yen Note Denominations 10,000 Yes
60%
Indonesian Rupiah Note Denominations 100,000 Yes
60%
Japanese Yen Note Denominations 15,000 No
60%
Singaporean Dollar Note Denominations 2 Yes
60%
Great British Pound (Sterling) Note Denominations 2 No
60%
Australian Dollar Note Denominations 2 No
60%
Australian Dollar Note Denominations 20 Yes
60%
South African Rand Note Denominations 20 Yes
60%
Singaporean Dollar Note Denominations 200 No
60%
South African Rand Note Denominations 200 Yes
60%
Japanese Yen Note Denominations 2,000 Yes
60%
Indonesian Rupiah Note Denominations 20,000 Yes
60%
Great British Pound (Sterling) Note Denominations 25 No
60%
United States Dollar Note Denominations 25 No
60%
South African Rand Note Denominations 25 No
60%
Indonesian Rupiah Note Denominations 25,000 No
60%
Indonesian Rupiah Note Denominations 3,000 No
60%
Japanese Yen Note Denominations 3,000 No
60%
Australian Dollar Note Denominations 5 Yes
60%
South African Rand Note Denominations 5 No
60%
Australian Dollar Note Denominations 50 Yes
60%
South African Rand Note Denominations 50 Yes
60%
Thai Baht Note Denominations 5000 No
60%
Indonesian Rupiah Note Denominations 5,000 Yes
60%
Japanese Yen Note Denominations 5,000 Yes
60%
Indian Rupees Note Denominations 5000 No
60%
Japanese Yen Note Denominations 50,000 No
60%
Kuwaiti Dinar Note Denominations 1 Yes
40%
Australian Dollar Note Denominations 1 No
40%
Kuwaiti Dinar Note Denominations 10 Yes
40%
Indian Rupees Note Denominations 10 Yes
40%
Euro Note Denominations 10 Yes
40%
Great British Pound (Sterling) Note Denominations 100 Yes
40%
Russian Ruble Note Denominations 100 Yes
40%
Indian Rupees Note Denominations 1000 No
40%
Kuwaiti Dinar Note Denominations 1/2 Yes
40%
Kuwaiti Dinar Note Denominations 1/5 No
40%
Euro Note Denominations 2 No
40%
Euro Note Denominations 20 Yes
40%
Thai Baht Note Denominations 200 No
40%
Indian Rupees Note Denominations 200 Yes
40%
Hong Kong Dollar Note Denominations 200 No
40%
Euro Note Denominations 200 Yes
40%
Indonesian Rupiah Note Denominations 2,000 Yes
40%
Russian Ruble Note Denominations 2000 No
40%
Hong Kong Dollar Note Denominations 2000 No
40%
Japanese Yen Note Denominations 20,000 No
40%
Indonesian Rupiah Note Denominations 200,000 No
40%
Euro Note Denominations 25 No
40%
Euro Note Denominations 250 No
40%
Kuwaiti Dinar Note Denominations 5 Yes
40%
Indian Rupees Note Denominations 5 No
40%
Euro Note Denominations 5 Yes
40%
Indian Rupees Note Denominations 50 Yes
40%
Russian Ruble Note Denominations 50 Yes
40%
South African Rand Note Denominations 500 No
40%
Indian Rupees Note Denominations 500 Yes
40%
Russian Ruble Note Denominations 500 Yes
40%
Euro Note Denominations 500 Yes
40%
Philippine Peso Note Denominations 5000 No
40%
Philippine Peso Note Denominations 10 No
20%
Hong Kong Dollar Note Denominations 10 Yes
20%
Philippine Peso Note Denominations 100 Yes
20%
South Korean Won Note Denominations 100 No
20%
Singaporean Dollar Note Denominations 1000 Yes
20%
Russian Ruble Note Denominations 1000 No
20%
Philippine Peso Note Denominations 1000 Yes
20%
South Korean Won Note Denominations 1,000 Yes
20%
South Korean Won Note Denominations 10,000 Yes
20%
Kuwaiti Dinar Note Denominations 1/4 Yes
20%
Kuwaiti Dinar Note Denominations 2 No
20%
Singaporean Dollar Note Denominations 20 No
20%
Philippine Peso Note Denominations 20 Yes
20%
Hong Kong Dollar Note Denominations 20 Yes
20%
Russian Ruble Note Denominations 200 No
20%
South Korean Won Note Denominations 200 No
20%
Indian Rupees Note Denominations 2000 Yes
20%
Philippine Peso Note Denominations 2000 No
20%
South Korean Won Note Denominations 2,000 No
20%
Hong Kong Dollar Note Denominations 250 No
20%
Russian Ruble Note Denominations 5 Yes
20%
Kuwaiti Dinar Note Denominations 50 No
20%
Philippine Peso Note Denominations 50 Yes
20%
Hong Kong Dollar Note Denominations 50 Yes
20%
Philippine Peso Note Denominations 500 Yes
20%
South Korean Won Note Denominations 500 No
20%
South Korean Won Note Denominations 5,000 Yes
20%
South Korean Won Note Denominations 50,000 No
20%
Hong Kong Dollar Note Denominations 1000 Yes
0%
Hong Kong Dollar Note Denominations 500 Yes
0%
Russian Ruble Note Denominations 5000 Yes
0%
No matching quizzes found
Score Distribution
Percent of People with Each Score
Percentile by Number Answered
Your Score History
You have not taken this quiz